000 00364nam a2200109Ia 4500
008 171211s9999 xx 000 0 und d
245 _aBloody Omaha: The Battle for Omaha Beach: D-Day, 6 June 1944
245 _cJohn-Paul Brisigotti, Peter Simunovich, and Phil Yates
260 _c2007
650 _xGAMES
856 _uhttp://down.ebook777.com/052/9780958275538.pdf
999 _c348959
_d348959